000 00471nam a2200181Ia 4500
001 12730
005 20260306163003.0
008 260306t2008||||xx |||||||||||||| ||spa||
041 _aESP
082 _aRD 001.4203
_bO74 2008
100 _aOrtiz Uribe, Frida Gisela
_eAUT
245 0 _aDiccionario de metodología de la investigación científica
260 _c2008
300 _a225 páginas :
_ccm.
650 _aGEN
654 _aCCC
942 _cDIC
_dJUS
_fJUS
_2ddc
_n
999 _c12730
_d12730